Click the Asian Country Shape - Statistics

General Stats
  • This quiz has been taken 1,039 times
  • The average score is 34 of 48
Answer Stats
Hint Answer % Correct
Japan
86%
India
86%
China
85%
Turkey
85%
Indonesia
85%
Philippines
83%
Vietnam
82%
Cyprus
81%
Saudi Arabia
81%
Mongolia
80%
Nepal
79%
Israel
79%
Maldives
77%
Sri Lanka
76%
Pakistan
76%
Yemen
76%
Thailand
75%
Iran
75%
Laos
74%
Oman
72%
Taiwan
72%
Kazakhstan
71%
Bangladesh
71%
Afghanistan
71%
Malaysia
71%
Myanmar
70%
South Korea
70%
Cambodia
69%
Jordan
69%
United Arab Emirates
69%
Iraq
68%
Syria
67%
Georgia
64%
North Korea
64%
Uzbekistan
64%
East Timor
62%
Kuwait
61%
Azerbaijan
60%
Turkmenistan
60%
Singapore
58%
Bhutan
57%
Tajikistan
57%
Bahrain
56%
Qatar
56%
Kyrgyzstan
56%
Lebanon
56%
Brunei
51%
Armenia
51%
No matching quizzes found
Score Distribution
Percent of People with Each Score
Percentile by Number Answered
Your Score History
You have not taken this quiz